Agresiones sexuales cometidas por desconocidos Una investigacin̤ empr̕ica /

Detalles Bibliográficos
Autor principal: Janosch Gonzl̀ez, Heriberto
Formato: eBook
Lenguaje:español
Publicado: Madrid: Dykinson, 2020
Materias:
Acceso en línea:Acceso restringido

MARC

LEADER 00000nam a22000007a 4500
005 20201104224210.0
007 cr|||| ||||
008 201104s2020 es |||||s|||| 00||0 spa d
020 |a 978-84-1324-883-7 
035 |a 32278 
040 |a vLex 
090 |c 10839  |d 10839 
100 1 |a Janosch Gonzl̀ez, Heriberto 
245 1 0 |a Agresiones sexuales cometidas por desconocidos  |h [Recurso electrn̤ico] :  |b Una investigacin̤ empr̕ica /  |c Heriberto Janosch Gonzl̀ez 
256 |a Servicio en ln̕ea 
260 |a Madrid:  |b Dykinson,  |c 2020 
300 |a 1 recurso electrn̤ico 
500 |a La presente obra trata de un tema de candente actualidad, las agresiones sexuales. Cuando estos crm̕enes son cometidos por personas desconocidas para la vc̕tima, su esclarecimiento implica una mayor dificultad para las Fuerzas y Cuerpos de Seguridad del Estado. Para comprender mejor la dinm̀ica de tales delitos el autor ha recurrido a una teora̕ criminolg̤ica general y actual, la Teora̕ de la Accin̤ Situacional, que ha sido contrastada experimentalmente en diversos estudios. Sin embargo, šta es la primera vez que las agresiones sexuales son modeladas siguiendo los lineamientos de esta teora̕. Para proceder a la contrastacin̤ del modelo se han encuestado telemt̀icamente a miles de personas en Espaą, y empleado tčnicas de anl̀isis estads̕tico sofisticadas. Los resultados permiten comprender un poco mejor la situaciones individuales y ambientales en las que se producen estos fenm̤enos delictivos. Heriberto Janosch Gonzl̀ez es Psicl̤ogo por la Universidad de Buenos Aires, Argentina; Ms̀ter Universitario en Investigacin̤ en Psicologa̕ por la Universidad Nacional de Educacin̤ a Distancia, Espaą; y Doctor Cum Laude en Ciencias Jurd̕icas y Econm̤icas por la Universidad Camilo Jos ̌Cela, Espaą. 
506 1 |a Disponible solo en los productos indicados  |d vLex Global  |d vLex Global (Academic Edition, excluding Law Schools)  |d vLex Global (U.S. Academic Edition, Law Schools)  |d vLex Global (U.S. Academic Edition, excluding Law Schools)  |d vLex Global (Academic Edition, Law Schools) 
650 0 4 |a Derecho Penal  |z Espaą 
740 0 |a vLex Libros (Servicio en ln̕ea) 
856 4 0 |u http://vlex.com/source/agresiones-sexuales-cometidas-por-desconocidos-una-investigacion-empirica-32278  |z Acceso restringido 
942 |c BOOK 
999 0 |a Criminal law